书目信息 |
| 题名: |
下酒小菜制法
|
|
| 作者: | 祁澜 | |
| 分册: | ||
| 出版信息: | 北京 中国轻工业出版社 2000.03 |
|
| 页数: | 367页 | |
| 开本: | 32开 | |
| 丛书名: | 小餐馆大排档丛书 | |
| 单 册: | ||
| 中图分类: | TS972.121 | |
| 科图分类: | ||
| 主题词: | 饮食业--供应技术 | |
| 电子资源: | ||
| ISBN: | 7-5019-2769-3 | |
| 000 | 00589nam0 2200217 45 | |
| 001 | 0308271009 | |
| 005 | 20030827105723.3 | |
| 010 | @a7-5019-2769-3@d15.00元 | |
| 100 | @a20030827d2000 km y0chiy0120 ea | |
| 101 | @achi | |
| 105 | @a z 000yy | |
| 200 | 1 | @a下酒小菜制法@Axia jiu xiao cai zhi fa@f祁澜@Fqi lan |
| 210 | @a北京@c中国轻工业出版社@d2000.03 | |
| 215 | @a367页@d32开 | |
| 225 | 2 | @a小餐馆大排档丛书 |
| 410 | 0 | @12001 @a小餐馆大排档丛书 |
| 606 | 0 | @a饮食业@x供应技术 |
| 690 | @aTS972.121@v3 | |
| 701 | 0 | @a祁澜 |
| 801 | @aCN@b@c20030827 | |
| 905 | @aBZT@dTS972.121@e229 | |
| 下酒小菜制法/祁澜.-北京:中国轻工业出版社,2000.03 |
| 367页;32开.-(小餐馆大排档丛书) |
| ISBN 7-5019-2769-3:15.00元 |
| ● |
| 相关链接 |
|
|
|
正题名:下酒小菜制法
索取号:TS972.121/229
 
预约/预借
| 序号 | 登录号 | 条形码 | 馆藏地/架位号 | 状态 | 备注 |